| 000 | 01071cad a22002175a 4500 | ||
|---|---|---|---|
| 001 | E151483 | ||
| 008 | 101108s2010 xxk f s000 0 eng d | ||
| 035 | _a(Sirsi) u151483 | ||
| 041 | 0 | _aeng | |
| 110 | 2 |
_aScotland _kLaws, etc |
|
| 245 | 0 | 0 |
_aCrofting Reform (Scotland) Act 2010 _h[electronic resource] |
| 260 |
_a[Scotland] _bStationery Office _c2010 |
||
| 520 | _aReforms and renames the Crofters Commission; establishes a new Crofting Register to be maintained by the Keeper of the Registers of Scotland; creates a category of owner-occupiers known as "owner-occupier crofters" and imposes various duties on them relating to residency, misuse and neglect of crofts. Also amends the Crofters (Scotland) Act 1993. | ||
| 590 | _aKA | ||
| 650 | 2 | 4 | _aCROFTERS (SCOTLAND) ACT 1993 |
| 650 | 2 | 4 | _aCROFTING REFORM (SCOTLAND) ACT 2010 |
| 651 | 4 |
_aScotland _y1999- |
|
| 690 | _aENVIRONMENTAL AND LAND CONSULTANCY-AGRIBUSINESS-AGRICULTURE | ||
| 856 | 4 | 0 |
_uhttps://www.legislation.gov.uk/asp/2010/14 _zView the guidance free of charge at www.legislation.gov.uk |
| 942 | _n0 | ||
| 999 |
_c111402 _d111402 |
||